| 000 | 00734cam a2200205 a 4500 | ||
|---|---|---|---|
| 001 | 000003123 | ||
| 005 | 20200929150333.0 | ||
| 008 | 970606s2002 mx b 001 0 spa d | ||
| 020 | _a9682324041 (v. 2) | ||
| 020 | _a9682320461 (obra completa) | ||
| 040 |
_aDO-SdBNP _bspa _cBNPHU |
||
| 082 |
_a860.9972 _bH673L |
||
| 245 | 0 | 0 |
_aHistoria de la literatura mexicana : _bdesde sus orígenes hasta nuestros días. |
| 260 |
_aMéxico, D.F. : _bSiglo Veintiuno, _c2002. |
||
| 300 |
_av. : _bil. ; _c23 cm. |
||
| 440 | 0 |
_aLingüística y teoría literaria _99843 |
|
| 500 | _av. 2. La cultura letrada en la Nueva España del siglo XVII. | ||
| 500 | _aLa bibliteca posee el vol. 2 | ||
| 650 | 4 |
_aLiteratura mexicana _xHistoria y crítica. _99844 |
|
| 999 |
_c2954 _d2954 |
||